| 000 | 01060nam a2200205 a 4500 | ||
|---|---|---|---|
| 001 | 45744 | ||
| 005 | 20180714025041.0 | ||
| 008 | 140415s2003 mx 000 0 spa d | ||
| 020 | _a9684226527 | ||
| 041 | _aspa | ||
| 082 |
_a809 _bTER |
||
| 100 | 1 | _aTERESA OCHOA, ADRIANA MARÍA DE | |
| 245 | 1 | 0 | _aLITERATURA UNIVERSAL |
| 250 | _a1a ed. | ||
| 260 |
_aMEXICO : _bMCGRAW-HILL INTERAMERICANA EDITORES, _c2003 |
||
| 300 |
_a368 _c23.4 x 19 x 1.5 |
||
| 520 | _aENTRE LOS PROBLEMAS A LOS QUE SE ENFRENTAN LOS PROFESORES DE LITERATURA UNIVERSAL ENCONTRAMOS, POR UN LADO, LA NECESIDAD DE CUBRIR UN VASTÍSIMO PROGRAMA EN UN MÍNIMO DE TIEMPO, Y POR EL OTRO, LA FALTA DE UN LIBRO DE TEXTO QUE SINTETICE Y ELABORE ADECUADAMENTE DICHO MATERIAL DESDE UNA PERSPECTIVA EMINENTEMENTE DIDÁCTICA. POR LAS RAZONES ANTES EXPUESTAS, EN ESTE LIBRO DE LITERATURA UNIVERSAL NOS INTERESA DESTACAR LAS DIFERENTES ESCUELAS O TENDENCIAS ESTÉTICAS DE CADA ÉPOCA, CORRIENTE O E | ||
| 650 | 1 | 4 | _aLITERATURA |
| 700 | 1 |
_aPRIETO GONZÁLEZ, MARÍA ANGÉLICA _ecoaut. |
|
| 999 |
_c45744 _d45744 |
||